5HLuxD.jpg

KING HENRY VIII SENIOR AND PRIMARY SCHOOL LIBRARY OPAC

International A level biology : (Record no. 5420)

000 -LEADER
fixed length control field 00974nam a22003011i 4500
001 - CONTROL NUMBER
control field 017877946
003 - CONTROL NUMBER IDENTIFIER
control field Uk
005 - DATE AND TIME OF LATEST TRANSACTION
control field 20250912094521.0
008 - FIXED-LENGTH DATA ELEMENTS--GENERAL INFORMATION
fixed length control field 160601s2016 enka 000|0|eng|d
020 ## - INTERNATIONAL STANDARD BOOK NUMBER
International Standard Book Number 9780198376019 (pbk.)
040 ## - CATALOGING SOURCE
Original cataloging agency StDuBDS
Language of cataloging eng
Transcribing agency StDuBDS
Modifying agency Uk
-- KH8
Description conventions rda
042 ## - AUTHENTICATION CODE
Authentication code ukblsr
082 04 - DEWEY DECIMAL CLASSIFICATION NUMBER
Classification number 570 FUL
Edition number 23
100 1# - MAIN ENTRY--PERSONAL NAME
Personal name Fuller, Fran,
Relator term author.
245 10 - TITLE STATEMENT
Title International A level biology :
Remainder of title AS and A Level : published for Oxford International AQA examinations /
Statement of responsibility, etc. Fran Fuller, Glenn Toole, Susan Toole.
264 #1 - PRODUCTION, PUBLICATION, DISTRIBUTION, MANUFACTURE, AND COPYRIGHT NOTICE
Place of production, publication, distribution, manufacture Oxford :
Name of producer, publisher, distributor, manufacturer Oxford University Press,
Date of production, publication, distribution, manufacture, or copyright notice 2016.
300 ## - PHYSICAL DESCRIPTION
Extent vii, 538 pages :
Other physical details illustrations (colour) ;
Dimensions 27 cm
336 ## - CONTENT TYPE
Content type term text
Source rdacontent
336 ## - CONTENT TYPE
Content type term still image
Source rdacontent
337 ## - MEDIA TYPE
Media type term unmediated
Source rdamedia
338 ## - CARRIER TYPE
Carrier type term volume
Source rdacarrier
500 ## - GENERAL NOTE
General note Include index.
521 2# - TARGET AUDIENCE NOTE
Target audience note A-level.
650 #0 - SUBJECT ADDED ENTRY--TOPICAL TERM
Topical term or geographic name entry element Biology
Form subdivision Textbooks.
700 1# - ADDED ENTRY--PERSONAL NAME
Personal name Toole, Glenn,
Relator term author.
700 1# - ADDED ENTRY--PERSONAL NAME
Personal name Toole, Susan,
Relator term author.
942 ## - ADDED ENTRY ELEMENTS (KOHA)
Source of classification or shelving scheme
Koha item type Teaching Resources
Holdings
Withdrawn status Lost status Source of classification or shelving scheme Damaged status Not for loan Collection code Permanent Location Current Location Shelving location Date acquired Full call number Barcode Date last seen Copy number Price effective from Koha item type
          Teaching Resources KH8 Senior School Library KH8 Senior School Library Staff Office 2025-09-12 570 FUL TRKHSL006492 2025-09-12 1 2025-09-12 Teaching Resources
          Teaching Resources KH8 Senior School Library KH8 Senior School Library Staff Office 2025-09-12 570 FUL TRKHSL006493 2025-09-12 2 2025-09-12 Teaching Resources
          Teaching Resources KH8 Senior School Library KH8 Senior School Library Staff Office 2025-09-12 570 FUL TRKHSL006494 2025-09-12 3 2025-09-12 Teaching Resources
          Teaching Resources KH8 Senior School Library KH8 Senior School Library Staff Office 2025-09-12 570 FUL TRKHSL006495 2025-09-12 4 2025-09-12 Teaching Resources
          Teaching Resources KH8 Senior School Library KH8 Senior School Library Staff Office 2025-09-12 570 FUL TRKHSL006496 2025-09-12 5 2025-09-12 Teaching Resources
          Teaching Resources KH8 Senior School Library KH8 Senior School Library Staff Office 2025-09-12 570 FUL TRKHSL006497 2025-09-12 6 2025-09-12 Teaching Resources
          Teaching Resources KH8 Senior School Library KH8 Senior School Library Staff Office 2025-09-12 570 FUL TRKHSL006498 2025-09-12 7 2025-09-12 Teaching Resources
          Teaching Resources KH8 Senior School Library KH8 Senior School Library Staff Office 2025-09-12 570 FUL TRKHSL006499 2025-09-12 8 2025-09-12 Teaching Resources
          Teaching Resources KH8 Senior School Library KH8 Senior School Library Staff Office 2025-09-12 570 FUL TRKHSL006500 2025-09-12 9 2025-09-12 Teaching Resources
          Teaching Resources KH8 Senior School Library KH8 Senior School Library Staff Office 2025-09-12 570 FUL TRKHSL006501 2025-09-12 10 2025-09-12 Teaching Resources

Powered By KH8 IT Dept